000 00352pab a2200157 454500
008 180718b2001 xxu||||| |||| 00| 0 eng d
100 _aSingh, Joginder
245 _aPolice material is uniformly good
260 _c2001
300 _ap.7
362 _a8 Aug
650 _aPolice - India
650 _aPolice
773 _aPioneer
909 _a50543
999 _c50543
_d50543